<?xml version="1.0" encoding="UTF-8"?>
<record
    xmlns:xsi="http://www.w3.org/2001/XMLSchema-instance"
    xsi:schemaLocation="http://www.loc.gov/MARC21/slim http://www.loc.gov/standards/marcxml/schema/MARC21slim.xsd"
    xmlns="http://www.loc.gov/MARC21/slim">

  <leader>00686nam a22002177a 4500</leader>
  <controlfield tag="003">OSt</controlfield>
  <controlfield tag="005">20150408114133.0</controlfield>
  <controlfield tag="008">060621s2011    enka          001 0 eng </controlfield>
  <datafield tag="040" ind1=" " ind2=" ">
    <subfield code="a">Ma_ua</subfield>
  </datafield>
  <datafield tag="082" ind1=" " ind2=" ">
    <subfield code="2">22</subfield>
    <subfield code="a">428.007 </subfield>
    <subfield code="b">KLI</subfield>
  </datafield>
  <datafield tag="100" ind1=" " ind2=" ">
    <subfield code="a">Krois-Lindner, Amy.</subfield>
  </datafield>
  <datafield tag="245" ind1=" " ind2=" ">
    <subfield code="a">International legal English : .</subfield>
    <subfield code="b">a course for classroom or self-study use </subfield>
    <subfield code="c">Amy Krois-Lindner and TransLegal</subfield>
  </datafield>
  <datafield tag="250" ind1=" " ind2=" ">
    <subfield code="a">2ne ed</subfield>
  </datafield>
  <datafield tag="260" ind1=" " ind2=" ">
    <subfield code="a">Cambridge : .</subfield>
    <subfield code="b">Cambridge University Press,</subfield>
    <subfield code="c">2011</subfield>
  </datafield>
  <datafield tag="300" ind1=" " ind2=" ">
    <subfield code="a">336 p. :.</subfield>
    <subfield code="b"> ill. ;</subfield>
    <subfield code="c">27 cm. +</subfield>
    <subfield code="e"> 3 Audio CDs</subfield>
  </datafield>
  <datafield tag="490" ind1=" " ind2=" ">
    <subfield code="a">Cambridge professional English</subfield>
  </datafield>
  <datafield tag="500" ind1=" " ind2=" ">
    <subfield code="a">Includes index.</subfield>
  </datafield>
  <datafield tag="650" ind1=" " ind2=" ">
    <subfield code="a">Business law.</subfield>
  </datafield>
  <datafield tag="710" ind1=" " ind2=" ">
    <subfield code="a">TransLegal (Firm)</subfield>
  </datafield>
  <datafield tag="942" ind1=" " ind2=" ">
    <subfield code="2">ddc</subfield>
    <subfield code="c">BOOK</subfield>
  </datafield>
  <datafield tag="999" ind1=" " ind2=" ">
    <subfield code="c">29883</subfield>
    <subfield code="d">264383</subfield>
  </datafield>
  <datafield tag="952" ind1=" " ind2=" ">
    <subfield code="1">0</subfield>
    <subfield code="2">2013-04-27</subfield>
    <subfield code="4">0</subfield>
    <subfield code="7">1</subfield>
    <subfield code="a">428.007  KLI</subfield>
    <subfield code="c">1</subfield>
    <subfield code="d">2013-04-27</subfield>
    <subfield code="h">CL</subfield>
    <subfield code="i">00306598</subfield>
    <subfield code="m">CL</subfield>
    <subfield code="r">2013-04-27 00:00:00</subfield>
    <subfield code="t">BOOK</subfield>
    <subfield code="w">ddc</subfield>
    <subfield code="y">0</subfield>
  </datafield>
  <datafield tag="952" ind1=" " ind2=" ">
    <subfield code="1">0</subfield>
    <subfield code="2">2013-04-27</subfield>
    <subfield code="4">0</subfield>
    <subfield code="7">0</subfield>
    <subfield code="a">428.007  KLI</subfield>
    <subfield code="c">2</subfield>
    <subfield code="d">2013-04-27</subfield>
    <subfield code="h">CL</subfield>
    <subfield code="i">00306891</subfield>
    <subfield code="m">CL</subfield>
    <subfield code="r">2013-04-27 00:00:00</subfield>
    <subfield code="t">BOOK</subfield>
    <subfield code="w">ddc</subfield>
    <subfield code="y">0</subfield>
  </datafield>
  <datafield tag="952" ind1=" " ind2=" ">
    <subfield code="1">0</subfield>
    <subfield code="2">2013-04-27</subfield>
    <subfield code="4">0</subfield>
    <subfield code="7">0</subfield>
    <subfield code="a">428.007  KLI</subfield>
    <subfield code="c">3</subfield>
    <subfield code="d">2013-04-27</subfield>
    <subfield code="h">CL</subfield>
    <subfield code="i">00306892</subfield>
    <subfield code="m">CL</subfield>
    <subfield code="r">2013-04-27 00:00:00</subfield>
    <subfield code="t">BOOK</subfield>
    <subfield code="w">ddc</subfield>
    <subfield code="y">0</subfield>
  </datafield>
  <datafield tag="952" ind1=" " ind2=" ">
    <subfield code="1">0</subfield>
    <subfield code="2">2013-04-27</subfield>
    <subfield code="4">0</subfield>
    <subfield code="7">1</subfield>
    <subfield code="a">428.007  KLI</subfield>
    <subfield code="c">1</subfield>
    <subfield code="d">2013-04-27</subfield>
    <subfield code="h">SRM</subfield>
    <subfield code="i">00305786</subfield>
    <subfield code="m">SRM</subfield>
    <subfield code="r">2013-04-27 00:00:00</subfield>
    <subfield code="t">BOOK</subfield>
    <subfield code="w">ddc</subfield>
    <subfield code="y">0</subfield>
  </datafield>
  <datafield tag="952" ind1=" " ind2=" ">
    <subfield code="1">0</subfield>
    <subfield code="2">2013-04-27</subfield>
    <subfield code="4">0</subfield>
    <subfield code="7">0</subfield>
    <subfield code="a">428.007  KLI</subfield>
    <subfield code="c">2</subfield>
    <subfield code="d">2013-04-27</subfield>
    <subfield code="h">SRM</subfield>
    <subfield code="i">00305787</subfield>
    <subfield code="m">SRM</subfield>
    <subfield code="r">2013-04-27 00:00:00</subfield>
    <subfield code="t">BOOK</subfield>
    <subfield code="w">ddc</subfield>
    <subfield code="y">0</subfield>
  </datafield>
</record>
